| 000 | 00346nam a2200121Ia 4500 | ||
|---|---|---|---|
| 008 | 190722s9999 xx 000 0 und d | ||
| 020 | _a978-1-138-88531-8 | ||
| 100 | _aDe Janvry, Sadoulet | ||
| 245 | 0 | _aDevelopment Economics (Theory and Practice) | |
| 260 |
_aLondon & New York _bRouledge Taylor & Francis Group _c2016 |
||
| 300 | _a828 | ||
| 942 | _cBK | ||
| 999 |
_c563 _d563 |
||